1864 1477 1146 1106 1224 1926 1379 1814 1816 1908 1890 1298 1035 1439 1986 1328 1494 1941 1669 1978 1217 1821 1937 1752 1802 1727 1542 1627 1127 1167 1841 1962 1300 1976 1949 1864 1857 1762 1319 1545 1172 1812 1297 1291 1504 1537 1955 1678 1401 1224 1606 1516 1773 1255 1790 1212 1073 1676 1462 1795 1427 1309 1832 1637 1641 1582 1949 1710 1375 1813 1767 1127 1049 1209 1772 1476 1337 1580 1774 1400 1078 1661 1080 1749 1336 1620 1587 1942 1551 1146 1155 1521 1409 1661 1318 1596 1043 1423 1628 BCNSPRNW ULIB Ver.6.0+V

เปลี่ยนเป็นภาษาไทย

Change to English
 แสดงรายละเอียดบรรณานุกรม
  กลับหน้าหลัก

Brief Record : Get Marc (ISO 2709) : E-mail record : QR code < ปิดหน้าต่าง
LEADER : 00000nam 2200000uu 4500
001    13399122293
003     ULIB
008    050256s2555||||th 000 0 tha d
020    9786161112394
060 04 WY159^bพ231ก ล.3
100 0  พรทิพย์ ศิริบูรณ์พิพัฒนา,^eบรรณาธิการ
245 00 การพยาบาลเด็ก เล่ม 3 /^cบรรณาธิการ, พรทิพย์ ศิริบูรณ์พิพัฒนา
250    พิมพ์ครั้งที่ 1(ฉบับปรับปรุง)
260    นนทบุรี :^bโครงการสวัสดิการวิชาการ สถาบันพระบรมราชชนกกระทรวงสาธารณสุข,^c2555
300    462 หน้า :^bภาพประกอบ
650  7 การพยาบาลกุมารเวชศาสตร์
650  7 เด็ก^xการดูแล
710 2  กระทรวงสาธารณสุข
710 2  สถาบันพระบรมราชราชชนก ^bโครงการสวัสดิการวิชาการ
945    ^p270^l0^i19825
945    ^p270^l0^i19826
945    ^p270^l0^i19827
945    ^p270^l0^i19828
945    ^p270^l0^i19829
945    ^p270^l0^i19830
945    ^p270^l0^i19831
945    ^p270^l0^i19832
945    ^p270^l0^i19833
945    ^p270^l0^i19834
945    ^p270^l0^i20197
945    ^p270^l0^i20198
995    ทศพร
999    ^aใช้งานได้ทุกระบบ
รายการนี้ยังไม่มีแท็ก
คุณยังไม่ได้ล็อกอิน คุณสามารถมีกิจกรรมร่วมกับเว็บไซต์ได้ แต่ต้องล็อกอินก่อน ::
  ล็อกอิน

รายการสื่อสารสนเทศ

ลำดับที่ ประเภท เลขเรียก/บาร์โค้ด สถานที่ สถานะ
1. Book การพยาบาล
Book การพยาบาล
สถานะ=หนังสือเก่า
WY159 พ231ก ล.3 ฉ.1 
  Barcode: 19825
ห้องสมุดวิทยาเขตนครสวรรค์
►ส่วนจัดเก็บหนังสือเก่า นว.
บนชั้น
  ขอยืม
2. Book การพยาบาล
Book การพยาบาล
สถานะ=หนังสือเก่า
WY159 พ231ก ล.3 ฉ.10 
  Barcode: 19834
ห้องสมุดวิทยาเขตนครสวรรค์
►ส่วนจัดเก็บหนังสือเก่า นว.
บนชั้น
  ขอยืม
3. Book การพยาบาล
Book การพยาบาล
สถานะ=หนังสือเก่า
WY159 พ231ก ล.3 ฉ.11 
  Barcode: 20197
ห้องสมุดวิทยาเขตนครสวรรค์
►ส่วนจัดเก็บหนังสือเก่า นว.
บนชั้น
  ขอยืม
4. Book การพยาบาล
Book การพยาบาล
สถานะ=หนังสือเก่า
WY159 พ231ก ล.3 ฉ.12 
  Barcode: 20198
ห้องสมุดวิทยาเขตนครสวรรค์
►ส่วนจัดเก็บหนังสือเก่า นว.
บนชั้น
  ขอยืม
5. Book การพยาบาล
Book การพยาบาล
สถานะ=หนังสือเก่า
WY159 พ231ก ล.3 ฉ.2 
  Barcode: 19826
ห้องสมุดวิทยาเขตนครสวรรค์
►ส่วนจัดเก็บหนังสือเก่า นว.
บนชั้น
  ขอยืม
6. Book การพยาบาล
Book การพยาบาล
สถานะ=หนังสือเก่า
WY159 พ231ก ล.3 ฉ.3 
  Barcode: 19827
ห้องสมุดวิทยาเขตนครสวรรค์
►ส่วนจัดเก็บหนังสือเก่า นว.
บนชั้น
  ขอยืม
7. Book การพยาบาล
Book การพยาบาล
สถานะ=หนังสือเก่า
WY159 พ231ก ล.3 ฉ.4 
  Barcode: 19828
ห้องสมุดวิทยาเขตนครสวรรค์
►ส่วนจัดเก็บหนังสือเก่า นว.
บนชั้น
  ขอยืม
8. Book การพยาบาล
Book การพยาบาล
สถานะ=หนังสือเก่า
WY159 พ231ก ล.3 ฉ.5 
  Barcode: 19829
ห้องสมุดวิทยาเขตนครสวรรค์
►ส่วนจัดเก็บหนังสือเก่า นว.
บนชั้น
  ขอยืม
9. Book การพยาบาล
Book การพยาบาล
สถานะ=หนังสือเก่า
WY159 พ231ก ล.3 ฉ.6 
  Barcode: 19830
ห้องสมุดวิทยาเขตนครสวรรค์
►ส่วนจัดเก็บหนังสือเก่า นว.
บนชั้น
  ขอยืม
10. Book การพยาบาล
Book การพยาบาล
สถานะ=หนังสือเก่า
WY159 พ231ก ล.3 ฉ.7 
  Barcode: 19831
ห้องสมุดวิทยาเขตนครสวรรค์
►ส่วนจัดเก็บหนังสือเก่า นว.
บนชั้น
  ขอยืม
11. Book การพยาบาล
Book การพยาบาล
สถานะ=หนังสือเก่า
WY159 พ231ก ล.3 ฉ.8 
  Barcode: 19832
ห้องสมุดวิทยาเขตนครสวรรค์
►ส่วนจัดเก็บหนังสือเก่า นว.
บนชั้น
  ขอยืม
12. Book การพยาบาล
Book การพยาบาล
สถานะ=หนังสือเก่า
WY159 พ231ก ล.3 ฉ.9 
  Barcode: 19833
ห้องสมุดวิทยาเขตนครสวรรค์
►ส่วนจัดเก็บหนังสือเก่า นว.
บนชั้น
  ขอยืม

รายการใกล้เคียง
    ผู้แต่ง [พรทิพย์ ศิริบูรณ์พิพัฒนา, บรรณาธิการ]

    หัวเรื่อง [การพยาบาลกุมารเวชศาสตร์]
    หัวเรื่อง [เด็ก การดูแล]

BibComment


ยังไม่เคยถูกคอมเมนท์

คอมเมนท์ทรัพยากรรายการนี้
  คอมเมนท์: การพยาบาลเด็ก เล่..


 Copyright 2026. Bcnsprnw @Library